000 00558nam a2200181Ia 4500
003 GCL
008 140319s9999 xx 000 0 ara d
040 _aGCL /
_cGCL
082 0 4 _a658
_bم ا
100 1 _aمحمد فريد محمود عزت
245 1 0 _aادارة المؤسسات الاعلامية /
_cمحمد فريد محمود عزت
260 _a[S.N] :
_bالعربى للنشر والتوزيع ،
_c1994
300 _a165 ص
490 _a
650 0 4 _aالادارة
650 0 4 _aالمؤسسات الاعلامية
942 _2ddc
_cBK
999 _c36559
_d36559